00530nam a2200193 a 4500001001300000003000900013005001700022008004100039020001000080082001800090100002100108245004600129260003900175300000900214500003500223505003400258650002300292700002100315nice12345678IN_TiNIC20260116013523.0050524s1991 dela grp 000 0 eng  ac15000a297.122bABD5 aAbdul Haq, Mahar aEducational Philosophy of the Holy Qur`an aDelhibNaushaba Publicationsc1991 a330p aincludes index and biblioraphy2 aBibliography, Glossary, Index aQuran-Appreciation1 aAbdul Haq, Mahar